100k+ cities in Germany Map Quiz - Statistics

General Stats
  • This quiz has been taken 444 times
  • The average score is 47 of 81
Answers on the Map
Answers color-coded by a green-red scale on the quiz's map according to % correct below.
 
Answer Stats
Answer % Correct
Berlin
96%
Hamburg
90%
Bremen
87%
Rostock
84%
Kiel
83%
Potsdam
83%
Munich
82%
Dresden
81%
Frankfurt am Main
81%
Hanover
80%
Aachen
79%
Bremerhaven
79%
Leipzig
79%
Lübeck
78%
Saarbrücken
78%
Stuttgart
78%
Cologne
77%
Nuremberg
77%
Augsburg
74%
Freiburg im Breisgau
74%
Chemnitz
72%
Erfurt
72%
Bonn
71%
Halle (Saale)
68%
Magdeburg
68%
Ulm
68%
Jena
67%
Oldenburg
67%
Trier
67%
Bielefeld
65%
Dusseldorf
65%
Mainz
65%
Braunschweig (Brunswick)
64%
Karlsruhe
64%
Regensburg
64%
Ingolstadt
63%
Osnabrück
63%
Dortmund
62%
Kassel
62%
Mannheim
61%
Koblenz
59%
Wiesbaden
59%
Würzburg
59%
Fürth
58%
Wolfsburg
58%
Darmstadt
56%
Münster
56%
Offenbach am Main
56%
Göttingen
55%
Ludwigshafen am Rhein
55%
Erlangen
54%
Heidelberg
54%
Essen
53%
Kaiserslautern
53%
Mönchengladbach
50%
Paderborn
49%
Siegen
49%
Reutlingen
48%
Heilbronn
46%
Pforzheim
46%
Wuppertal
46%
Duisburg
43%
Hildesheim
43%
Leverkusen
43%
Salzgitter
43%
Gütersloh
40%
Gelsenkirchen
35%
Hamm
35%
Bochum
34%
Bergisch Gladbach
33%
Neuss
32%
Krefeld
31%
Remscheid
31%
Hagen
30%
Solingen
28%
Mülheim an der Ruhr
27%
Herne
26%
Moers
26%
Oberhausen
26%
Recklinghausen
26%
Bottrop
24%
No matching quizzes found
Score Distribution
Percent of People with Each Score
Percentile by Number Answered
Your Score History
You have not taken this quiz